[Event "HUN-chT3 0102"]
[Site "Hungary"]
[Date "2002.03.03"]
[Round "8.3"]
[White "Radvanyi, Tibor"]
[Black "Revesz, Zoltan"]
[Result "1-0"]
[WhiteElo "2119"]
[BlackElo "2074"]
[PlyCount "81"]
[EventDate "2001.09.30"]
[EventType "team"]
[EventRounds "11"]
[EventCountry "HUN"]
[SourceTitle "EXT 2004"]
[Source "ChessBase"]
[SourceDate "2003.11.25"]
[SourceVersion "1"]
[SourceVersionDate "2003.11.25"]
[SourceQuality "1"]

1. f4 d5 2. b3 Nf6 3. Bb2 g6 4. Nf3 Bg7 5. e3 0-0 6. Be2 c5 7. 0-0 Nc6 8. Ne5 Nxe5 9. Bxe5 b6 10. Bf3 Bb7 11. Nc3 Ne4 12. Bxg7 Kxg7 13. Ne2 Re8 14. d3 Nf6 15. Qd2 Qc7 16. Rae1 Rad8 17. Qc3 e5 18. fxe5 Qxe5 19. Qxe5 Rxe5 20. Nc3 Rde8 21. Kf2 h5 22. h4 Bc8 23. e4 dxe4 24. Nxe4 Nxe4+ 25. Rxe4 Bf5 26. Rxe5 Rxe5 27. Kg3 Kf6 28. Kf4 Ke6 29. Rf2 f6 30. Re2 Rxe2 31. Bxe2 Kd5 32. Bxh5 Kd4 33. Bf3 Be6 34. g4 b5 35. g5 f5 36. h5 gxh5 37. Bxh5 b4 38. Bg6 a5 39. Bxf5 Bg8 40. g6 Kc3 41. Ke5 1-0

[Event "Budapest FS05 FM"]
[Site "Budapest"]
[Date "2000.05.15"]
[Round "10"]
[White "Radvanyi, Tibor"]
[Black "Biro, Gergely"]
[Result "1-0"]
[WhiteElo "2133"]
[BlackElo "2089"]
[PlyCount "69"]
[EventDate "2000.05.06"]
[EventType "tourn"]
[EventRounds "13"]
[EventCountry "HUN"]
[SourceTitle "CBM 076 Extra"]
[Source "ChessBase"]
[SourceDate "2000.07.11"]
[SourceVersion "1"]
[SourceVersionDate "2000.07.11"]
[SourceQuality "1"]

1. e4 c5 2. Nf3 Nc6 3. d4 cxd4 4. Nxd4 Nf6 5. Nc3 e5 6. Nf5 d5 7. exd5 Bxf5 8. dxc6 bxc6 9. Qf3 Qd7 10. Bg5 e4 11. Qe2 Bb4 12. Rd1 Qe6 13. Qc4 Nd5 14. Rxd5 Bxc3+ 15. Qxc3 cxd5 16. Qxg7 Kd7 17. Bb5+ Kc7 18. 0-0 Rhg8 19. Qc3+ Kb7 20. Bf4 Rac8 21. Qb4 Ka8 22. Qa4 Rxg2+ 23. Kxg2 Bh3+ 24. Kh1 Qf6 25. Rg1 Qxf4 26. Bc6+ Kb8 27. Qb3+ Kc7 28. Qxh3 Kb6 29. Bxd5 Rxc2 30. Qb3+ Kc5 31. Qxc2+ Kxd5 32. Rd1+ Ke6 33. Qb3+ Kf6 34. Qg3 Qf5 35. Qd6+ 1-0

[Event "Budapest FS05 FM"]
[Site "Budapest"]
[Date "2000.05.12"]
[Round "7"]
[White "Erdelyi, Zombor"]
[Black "Radvanyi, Tibor"]
[Result "1-0"]
[WhiteElo "2146"]
[BlackElo "2133"]
[PlyCount "120"]
[EventDate "2000.05.06"]
[EventType "tourn"]
[EventRounds "13"]
[EventCountry "HUN"]
[SourceTitle "CBM 076 Extra"]
[Source "ChessBase"]
[SourceDate "2000.07.11"]
[SourceVersion "1"]
[SourceVersionDate "2000.07.11"]
[SourceQuality "1"]

1. e4 e5 2. Nf3 d6 3. d4 Qe7 4. dxe5 dxe5 5. Nc3 Nf6 6. Bc4 h6 7. 0-0 c6 8. a4 g5 9. b3 Bg4 10. h3 Bh5 11. Qd3 Qc7 12. Ne2 Bg6 13. Ng3 Nbd7 14. Qe2 0-0-0 15. Bb2 a5 16. Bc3 Bc5 17. Qe1 Bb6 18. b4 axb4 19. Bxb4 Nc5 20. a5 Ba7 21. Qe3 Nfd7 22. Rfd1 Kb8 23. Qa3 Bxe4 24. Rxd7 Qxd7 25. Bxc5 Bxf3 26. Bxa7+ Kxa7 27. Qxf3 Qd4 28. Qe3 c5 29. Qxd4 Rxd4 30. Bxf7 Rhd8 31. c4 Rd1+ 32. Rxd1 Rxd1+ 33. Kh2 Ra1 34. Nf5 Rxa5 35. Nxh6 b5 36. cxb5 Rxb5 37. Ng4 e4 38. Ne3 Kb6 39. Bg6 Kc7 40. Bxe4 Kd6 41. Kg3 Ke5 42. Bd5 Rb4 43. Kf3 Rf4+ 44. Ke2 Kd4 45. g3 Rf8 46. h4 gxh4 47. gxh4 Rh8 48. Bf7 Rf8 49. Bg6 c4 50. h5 c3 51. h6 Ke5 52. h7 Kf6 53. Be4 Kg7 54. Nd1 Rc8 55. Bc2 Re8+ 56. Ne3 Rd8 57. Bd3 Ra8 58. f4 Ra4 59. Kf3 Kh8 60. Ng4 Rd4 1-0

[Event "HUN-chT3 9900"]
[Site "Hungary"]
[Date "2000.03.26"]
[Round "10"]
[White "Szobi, Tibor"]
[Black "Radvanyi, Tibor"]
[Result "1/2-1/2"]
[WhiteElo "2162"]
[BlackElo "2133"]
[PlyCount "142"]
[EventDate "1999.09.26"]
[EventType "team"]
[EventRounds "11"]
[EventCountry "HUN"]
[SourceTitle "EXT 2002"]
[Source "ChessBase"]
[SourceDate "2001.11.25"]
[SourceVersion "1"]
[SourceVersionDate "2001.11.25"]
[SourceQuality "1"]

1. e4 e5 2. Nf3 d6 3. d4 Qe7 4. Nc3 Nf6 5. Bg5 c6 6. Bd3 h6 7. Bd2 Qc7 8. 0-0 Be7 9. h3 Nbd7 10. Ne2 0-0 11. c3 Re8 12. Ng3 Bf8 13. dxe5 dxe5 14. Nh4 Nc5 15. Bc2 a5 16. Qe2 b6 17. Nh5 Nxh5 18. Qxh5 Ba6 19. Rfe1 Rad8 20. Rad1 Bd3 21. Rc1 Bxc2 22. Rxc2 Nd3 23. Rf1 Nf4 24. Bxf4 exf4 25. Qe2 Qe5 26. Re1 Qe6 27. a3 Rd7 28. Nf5 c5 29. Qg4 g6 30. Rce2 Red8 31. Nh4 Qxg4 32. hxg4 Bg7 33. e5 Rd1 34. Nf3 Rxe1+ 35. Rxe1 Re8 36. Kh2 Kf8 37. g3 fxg3+ 38. Kxg3 g5 39. b4 cxb4 40. cxb4 axb4 41. axb4 Re6 42. b5 Ke8 43. Kg2 Kd7 44. Rd1+ Kc7 45. Rc1+ Kb7 46. Rd1 Re7 47. Rd5 Kc7 48. Rd6 Bxe5 49. Rc6+ Kb7 50. Rxh6 f6 51. Rh1 Bc7 52. Rh6 Re4 53. Rxf6 Rxg4+ 54. Kf1 Rb4 55. Nxg5 Rxb5 56. Ne6 Re5 57. f4 Rxe6 58. Rxe6 Bxf4 59. Ke2 Kc7 60. Kd3 Bd6 61. Kc4 Kc6 62. Rg6 b5+ 63. Kd4 b4 64. Kc4 Kd7 65. Kd5 Be7 66. Rb6 Kc7 67. Re6 Kd7 68. Re3 Bf6 69. Rf3 Ke7 70. Rh3 Kf7 71. Rh7+ Bg7 1/2-1/2

[Event "Budapest FS07 Elo-B"]
[Site "Budapest"]
[Date "2000.??.??"]
[Round "7"]
[White "Banvolgyi, Zoltan"]
[Black "Radvanyi, Tibor"]
[Result "0-1"]
[WhiteElo "2060"]
[BlackElo "2110"]
[PlyCount "84"]
[EventDate "2000.07.??"]
[EventType "tourn"]
[EventRounds "11"]
[EventCountry "HUN"]
[SourceTitle "EXT 2004"]
[Source "ChessBase"]
[SourceDate "2003.11.25"]
[SourceVersion "1"]
[SourceVersionDate "2003.11.25"]
[SourceQuality "1"]

1. e4 e5 2. Nf3 d6 3. Bc4 h6 4. d4 Qe7 5. dxe5 dxe5 6. Nc3 Nf6 7. 0-0 c6 8. a3 g5 9. b4 Bg4 10. Bb2 Nbd7 11. Re1 a6 12. Be2 Rd8 13. Qc1 Bg7 14. Nd2 Be6 15. Bc4 0-0 16. Bxe6 Qxe6 17. Nf3 Nb6 18. Nxe5 Qxe5 19. Nd5 Rxd5 20. Bxe5 Rxe5 21. Qe3 Nc4 22. Qd4 b5 23. Qa7 Rfe8 24. f3 R5e6 25. Red1 Nh5 26. Ra2 R8e7 27. Rd8+ Kh7 28. Qc5 Be5 29. g3 Ng7 30. Rd1 Bc7 31. Qf2 Bb6 32. Rd4 Rd6 33. c3 Ne6 34. Kg2 Nxd4 35. cxd4 Bxd4 36. Qe2 Red7 37. Kh3 Bg7 38. f4 gxf4 39. gxf4 Rd3+ 40. Kh4 Bf6+ 41. Kg4 Kg6 42. f5+ Kh7 0-1

[Event "Budapest FS06 Elo"]
[Site "Budapest"]
[Date "2000.??.??"]
[Round "3"]
[White "Lakat, Gyula"]
[Black "Radvanyi, Tibor"]
[Result "1-0"]
[WhiteElo "2030"]
[BlackElo "2130"]
[PlyCount "120"]
[EventDate "2000.06.??"]
[EventType "tourn"]
[EventRounds "9"]
[EventCountry "HUN"]
[SourceTitle "EXT 2004"]
[Source "ChessBase"]
[SourceDate "2003.11.25"]
[SourceVersion "1"]
[SourceVersionDate "2003.11.25"]
[SourceQuality "1"]

1. c4 Nf6 2. Nf3 e6 3. g3 d5 4. b3 c5 5. Bg2 Nc6 6. Bb2 Be7 7. 0-0 0-0 8. d3 Qc7 9. Nbd2 Rd8 10. Re1 d4 11. a3 e5 12. Qc2 h6 13. h3 Be6 14. Kh2 Rab8 15. Rg1 a6 16. Raf1 Nd7 17. e4 Nf8 18. Nh4 g6 19. Bc1 Kh7 20. Ndf3 Bf6 21. Qd2 Bg7 22. Ne1 Na5 23. Qb2 b5 24. b4 bxc4 25. f4 cxb4 26. axb4 Nb3 27. f5 Bc8 28. g4 g5 29. Nhf3 f6 30. dxc4 Qxc4 31. Nc2 Bd7 32. Nd2 Nxd2 33. Bxd2 Ba4 34. Na3 Qb3 35. Qxb3 Bxb3 36. Rb1 Bg8 37. Rgc1 Rb6 38. Bf1 Rdb8 39. Nc4 Bxc4 40. Bxc4 Nd7 41. Ra1 Rc8 42. Be6 Rxc1 43. Rxc1 Nb8 44. Rc8 h5 45. gxh5 Nc6 46. h4 Kh6 47. Bf7 Nxb4 48. hxg5+ fxg5 49. Bxb4 Rxb4 50. Rc6+ Bf6 51. Be8 g4 52. Rxf6+ Kg5 53. Rxa6 Rb2+ 54. Kg1 Rb1+ 55. Kg2 Rb2+ 56. Kf1 Rb1+ 57. Ke2 Rb8 58. Re6 Kf4 59. f6 Kxe4 60. Bg6+ Kd5 1-0

[Event "Budapest FS11 Elo-A"]
[Site "Budapest"]
[Date "2000.??.??"]
[Round "?"]
[White "Radvanyi, Tibor"]
[Black "Berczes, David"]
[Result "1/2-1/2"]
[WhiteElo "2133"]
[BlackElo "2140"]
[PlyCount "90"]
[EventDate "2000.??.??"]
[EventType "tourn"]
[EventRounds "11"]
[EventCountry "HUN"]
[SourceTitle "EXT 2004"]
[Source "ChessBase"]
[SourceDate "2003.11.25"]
[SourceVersion "1"]
[SourceVersionDate "2003.11.25"]
[SourceQuality "1"]

1. f4 Nf6 2. Nf3 c5 3. b3 e6 4. Bb2 Be7 5. e3 0-0 6. Be2 b6 7. 0-0 Bb7 8. Qe1 Nc6 9. Nc3 d5 10. a3 d4 11. Nd1 dxe3 12. dxe3 Nd5 13. c4 Nf6 14. Nf2 Qc7 15. Qc3 Ne8 16. Ng4 f6 17. Bd3 Rd8 18. Qc2 f5 19. Nge5 Bf6 20. Rad1 Nxe5 21. Nxe5 Nd6 22. Qe2 Ne4 23. Bc2 Rxd1 24. Rxd1 Rd8 25. Kf1 Rxd1+ 26. Qxd1 Qd6 27. Qxd6 Nxd6 28. g3 Nf7 29. Nxf7 Bxb2 30. Ng5 Bc8 31. a4 Bf6 32. Nf3 Bb7 33. Ke2 Bxf3+ 34. Kxf3 a5 35. Ke2 Kf7 36. Kf3 g6 37. e4 Kg7 38. exf5 gxf5 39. h3 Kg6 40. g4 Bh4 41. Bd3 h6 42. Bc2 Kf6 43. gxf5 exf5 44. Bd3 Ke6 45. Bc2 Kf6 1/2-1/2

[Event "Budapest FS07 Elo-B"]
[Site "Budapest"]
[Date "2000.??.??"]
[Round "5"]
[White "Straub, Peter"]
[Black "Radvanyi, Tibor"]
[Result "1/2-1/2"]
[WhiteElo "2080"]
[BlackElo "2110"]
[PlyCount "80"]
[EventDate "2000.07.??"]
[EventType "tourn"]
[EventRounds "11"]
[EventCountry "HUN"]
[SourceTitle "EXT 2004"]
[Source "ChessBase"]
[SourceDate "2003.11.25"]
[SourceVersion "1"]
[SourceVersionDate "2003.11.25"]
[SourceQuality "1"]

1. Nf3 Nf6 2. d4 e6 3. g3 b6 4. Bg2 Bb7 5. c4 Be7 6. Nc3 0-0 7. 0-0 Ne4 8. Qc2 Nxc3 9. Qxc3 f5 10. Ne1 Bxg2 11. Nxg2 Bf6 12. e3 Nc6 13. f4 a5 14. Bd2 Ne7 15. Qd3 Nc8 16. Bc3 Nd6 17. Ne1 Ne4 18. Nf3 Qe7 19. Be1 Rfd8 20. Rc1 d6 21. Nd2 Nxd2 22. Bxd2 g6 23. Rfe1 c5 24. Bc3 Qg7 25. Red1 cxd4 26. Bxd4 Rab8 27. Qb3 Bxd4 28. Rxd4 Qc7 29. Qd3 Kf7 30. Rd1 Ke7 31. e4 Qc5 32. Kg2 Qc6 33. Kh3 fxe4 34. Rxe4 d5 35. cxd5 Qd7 36. Qe3 e5+ 37. Kg2 Qg4 38. Rxe5+ Kf7 39. Re1 Rbc8 40. Re2 h5 1/2-1/2

[Event "HUN-chT3 9900"]
[Site "Hungary"]
[Date "1999.11.14"]
[Round "4"]
[White "Radvanyi, Tibor"]
[Black "Kovac, Boris"]
[Result "0-1"]
[WhiteElo "2133"]
[BlackElo "2304"]
[PlyCount "102"]
[EventDate "1999.09.26"]
[EventType "team"]
[EventRounds "11"]
[EventCountry "HUN"]
[SourceTitle "EXT 2002"]
[Source "ChessBase"]
[SourceDate "2001.11.25"]
[SourceVersion "1"]
[SourceVersionDate "2001.11.25"]
[SourceQuality "1"]

1. e4 c5 2. Nf3 e6 3. Be2 Nc6 4. 0-0 Nf6 5. d3 d5 6. Nbd2 Be7 7. b3 0-0 8. Bb2 b6 9. Re1 Nd7 10. Bf1 Bb7 11. a4 Qc7 12. g3 Rad8 13. Qe2 Rfe8 14. Bh3 Bf6 15. e5 Be7 16. Nf1 d4 17. Bg2 Nb4 18. h4 Nf8 19. N1h2 a6 20. h5 h6 21. Bc1 Nh7 22. Bf4 Bg5 23. Bxg5 hxg5 24. Ng4 f6 25. exf6 gxf6 26. Qd2 Kh8 27. Re2 Qf7 28. h6 Nd5 29. Rf1 Nc3 30. Ree1 e5 31. Ngxe5 fxe5 32. Nxe5 Qc7 33. Bxb7 Rxe5 34. Rxe5 Qxe5 35. Re1 Qf6 36. Bxa6 Qxh6 37. Bb7 Qf6 38. Bg2 g4 39. Qf4 Qxf4 40. gxf4 Rf8 41. Re6 Rf6 42. Re5 Rxf4 43. a5 bxa5 44. Rxc5 Nd1 45. Rxa5 Rxf2 46. b4 Rxc2 47. b5 Ne3 48. Ra8+ Kg7 49. Ra7+ Kf6 50. Rxh7 Rxg2+ 51. Kh1 Rb2 0-1

[Event "HUN-chT3 9900"]
[Site "Hungary"]
[Date "1999.10.17"]
[Round "3"]
[White "Bodor, Tamas"]
[Black "Radvanyi, Tibor"]
[Result "0-1"]
[WhiteElo "2071"]
[BlackElo "2133"]
[PlyCount "68"]
[EventDate "1999.09.26"]
[EventType "team"]
[EventRounds "11"]
[EventCountry "HUN"]
[SourceTitle "EXT 2002"]
[Source "ChessBase"]
[SourceDate "2001.11.25"]
[SourceVersion "1"]
[SourceVersionDate "2001.11.25"]
[SourceQuality "1"]

1. e4 e5 2. Nf3 d6 3. d4 Qe7 4. dxe5 dxe5 5. Nc3 Nf6 6. Bc4 h6 7. h3 c6 8. 0-0 b5 9. Bd3 Qc7 10. a3 Be6 11. Be3 Nbd7 12. Ne1 g5 13. Qc1 Be7 14. Na2 a5 15. c4 b4 16. axb4 axb4 17. b3 c5 18. Qb2 Qb7 19. f3 Nh5 20. g4 Nf4 21. Bxf4 gxf4 22. Ng2 0-0 23. Rfb1 Ra6 24. Nc1 Rfa8 25. Ne1 Bh4 26. Nc2 Kg7 27. Rxa6 Rxa6 28. Ra1 Qa7 29. Rxa6 Qxa6 30. Qa1 Qxa1 31. Nxa1 Be1 32. Bb1 Bc3 33. Nc2 Kf8 34. Kf2 Ke7 0-1

[Event "HUN-chT3 9899"]
[Site "Hungary"]
[Date "1999.02.28"]
[Round "8"]
[White "Elter, Janos"]
[Black "Radvanyi, Tibor"]
[Result "1-0"]
[WhiteElo "2285"]
[BlackElo "2143"]
[PlyCount "97"]
[EventDate "1998.09.??"]
[EventType "team"]
[EventRounds "11"]
[EventCountry "HUN"]
[SourceTitle "EXT 2001"]
[Source "ChessBase"]
[SourceDate "2000.11.22"]
[SourceVersion "1"]
[SourceVersionDate "2000.11.22"]
[SourceQuality "1"]

1. e4 e5 2. Nf3 d6 3. d4 Qe7 4. Nc3 Nf6 5. Bg5 c6 6. Be2 h6 7. Bh4 Nbd7 8. 0-0 g5 9. Bg3 Bg7 10. Qd3 0-0 11. dxe5 dxe5 12. Nd2 Rd8 13. Rad1 Nf8 14. Qe3 Ng4 15. Bxg4 Bxg4 16. f3 Be6 17. Bf2 Ng6 18. g3 Bf8 19. Nb3 b6 20. Rd2 Rxd2 21. Nxd2 Qb4 22. Nb3 Rb8 23. Rd1 a5 24. a3 Qc4 25. Qd3 Qxd3 26. Rxd3 Be7 27. Na4 Bd8 28. Nd2 Ne7 29. b4 axb4 30. axb4 Bc7 31. c4 Bh3 32. c5 Ra8 33. cxb6 Rxa4 34. bxc7 Ra1+ 35. Be1 Rxe1+ 36. Kf2 Ra1 37. Rd8+ Kg7 38. g4 Ra7 39. c8Q Nxc8 40. Rxc8 Rd7 41. Nc4 h5 42. Rxc6 hxg4 43. b5 Rd3 44. fxg4 Rb3 45. b6 Bxg4 46. Na5 Rb5 47. b7 f6 48. Rc7+ Kg6 49. Nc6 1-0

[Event "Budapest vadnyit op"]
[Site "Budapest"]
[Date "1998.??.??"]
[Round "?"]
[White "Nogrady, Vilmos"]
[Black "Radvanyi, Tibor"]
[Result "1-0"]
[WhiteElo "2300"]
[BlackElo "2120"]
[PlyCount "71"]
[EventDate "1998.??.??"]
[EventType "swiss"]
[EventRounds "9"]
[EventCountry "HUN"]
[SourceTitle "EXT 2002"]
[Source "ChessBase"]
[SourceDate "2001.11.25"]
[SourceVersion "1"]
[SourceVersionDate "2001.11.25"]
[SourceQuality "1"]

1. e4 e5 2. d4 exd4 3. Nf3 Nc6 4. c3 d5 5. exd5 Qxd5 6. cxd4 Bg4 7. Be2 0-0-0 8. Nc3 Bb4 9. 0-0 Bxc3 10. bxc3 Nf6 11. Be3 Rhe8 12. c4 Qa5 13. Qb3 Qb4 14. d5 Qxb3 15. axb3 Nb4 16. Rfc1 a6 17. Ra4 c5 18. dxc6 Nxc6 19. b4 Bxf3 20. Bxf3 Nd4 21. Bxd4 Rxd4 22. b5 Re6 23. h3 Kc7 24. Bd5 Rb6 25. Bxf7 Ne4 26. Ra2 axb5 27. cxb5+ Kd6 28. Bc4 Nc5 29. Ra8 Ke5 30. Re8+ Kf6 31. Rf8+ Ke7 32. Rf7+ Kd8 33. Rxg7 h6 34. Be2 Ne6 35. Rh7 Nf4 36. Bg4 1-0

[Event "Budapest Balatontourist"]
[Site "Budapest"]
[Date "1998.??.??"]
[Round "4"]
[White "Pal, Gyorgy"]
[Black "Radvanyi, Tibor"]
[Result "0-1"]
[WhiteElo "2060"]
[BlackElo "2120"]
[PlyCount "81"]
[EventDate "1998.??.??"]
[EventType "swiss"]
[EventRounds "9"]
[EventCountry "HUN"]
[SourceTitle "EXT 2004"]
[Source "ChessBase"]
[SourceDate "2003.11.25"]
[SourceVersion "1"]
[SourceVersionDate "2003.11.25"]
[SourceQuality "1"]

1. e4 e5 2. Nf3 d6 3. d4 Qe7 4. d5 g6 5. c4 Nh6 6. Nc3 Bg7 7. h3 f6 8. Be3 Nf7 9. Nd2 f5 10. f3 Bh6 11. Bf2 f4 12. Nb3 b6 13. Nc1 a5 14. a4 0-0 15. Nb5 Na6 16. Nd3 Bg5 17. h4 Bf6 18. Be2 h6 19. Qd2 g5 20. hxg5 hxg5 21. 0-0-0 Kg7 22. Rh5 Bd7 23. Rdh1 Rh8 24. b3 Rxh5 25. Rxh5 Nh6 26. Qe1 Be8 27. Rh2 Bg6 28. Qh1 Nf7 29. g4 fxg3 30. Bxg3 g4 31. fxg4 Ng5 32. Bf3 Rf8 33. Bg2 Qd7 34. Nf2 Nc5 35. Kb2 Be7 36. Nc3 Rxf2+ 37. Bxf2 Nd3+ 38. Ka3 Nxf2 39. Qe1 Nxg4 40. Rh3 Nxh3 41. Bxh3 0-1

[Event "Budapest vadnyit op"]
[Site "Budapest"]
[Date "1998.??.??"]
[Round "?"]
[White "Radvanyi, Tibor"]
[Black "Francsics, Endre"]
[Result "1-0"]
[WhiteElo "2120"]
[BlackElo "2245"]
[PlyCount "79"]
[EventDate "1998.??.??"]
[EventType "swiss"]
[EventRounds "9"]
[EventCountry "HUN"]
[SourceTitle "EXT 2002"]
[Source "ChessBase"]
[SourceDate "2001.11.25"]
[SourceVersion "1"]
[SourceVersionDate "2001.11.25"]
[SourceQuality "1"]

1. e4 d6 2. d4 Nf6 3. Nc3 c6 4. f4 Qc7 5. Bd3 e5 6. dxe5 dxe5 7. f5 b5 8. Qf3 Nbd7 9. g4 Nb6 10. g5 Nfd7 11. a3 Bc5 12. Nge2 Bb7 13. Be3 Bd4 14. Nxd4 exd4 15. Bxd4 Ne5 16. Bxe5 Qxe5 17. Qg3 Nd7 18. 0-0-0 a6 19. Be2 Qxg3 20. hxg3 0-0-0 21. Kd2 Ne5+ 22. Ke3 f6 23. Rxd8+ Kxd8 24. Kf4 Ke7 25. gxf6+ gxf6 26. b4 Bc8 27. g4 h6 28. Rd1 Bd7 29. a4 a5 30. axb5 axb4 31. bxc6 bxc3 32. cxd7 Rd8 33. Bb5 Rb8 34. Rd5 Rg8 35. Be2 Nxd7 36. Rd3 Rc8 37. Rh3 Ne5 38. Rxh6 Rd8 39. g5 Nf7 40. gxf6+ 1-0

[Event "Budapest Balatontourist"]
[Site "Budapest"]
[Date "1998.??.??"]
[Round "7"]
[White "Radvanyi, Tibor"]
[Black "Horvath, Gabor"]
[Result "0-1"]
[WhiteElo "2120"]
[BlackElo "2245"]
[PlyCount "87"]
[EventDate "1998.??.??"]
[EventType "swiss"]
[EventRounds "9"]
[EventCountry "HUN"]
[SourceTitle "EXT 2004"]
[Source "ChessBase"]
[SourceDate "2003.11.25"]
[SourceVersion "1"]
[SourceVersionDate "2003.11.25"]
[SourceQuality "1"]

1. h3 c5 2. Nf3 d5 3. e3 Nf6 4. c4 d4 5. exd4 cxd4 6. Bd3 Nc6 7. 0-0 g6 8. Bc2 Bg7 9. d3 0-0 10. a3 a5 11. Nbd2 e5 12. Rb1 Re8 13. Re1 Qc7 14. Nf1 b6 15. b4 axb4 16. axb4 Bb7 17. Ng3 Bf8 18. Bd2 Nd7 19. Ba4 Bg7 20. c5 bxc5 21. b5 Ncb8 22. b6 Qd8 23. Qb3 Ra6 24. Bb5 Ra8 25. Bc4 Rf8 26. Ng5 Qe7 27. Rec1 h6 28. N5e4 Kh7 29. Bd5 Nc6 30. Qb5 Rfc8 31. Nxc5 Nxc5 32. Qxc5 Qd7 33. Qb5 f5 34. Rc2 Qd6 35. Rbc1 e4 36. Bxc6 e3 37. Bb4 exf2+ 38. Kxf2 Qf4+ 39. Kg1 Bxc6 40. Rxc6 Ra2 41. Be1 Re8 42. Qd5 Rxe1+ 43. Rxe1 Qxg3 44. Rce6 0-1

[Event "Budapest vadnyit op"]
[Site "Budapest"]
[Date "1998.??.??"]
[Round "?"]
[White "Radvanyi, Tibor"]
[Black "Karatorossian, David"]
[Result "0-1"]
[WhiteElo "2120"]
[BlackElo "2375"]
[PlyCount "96"]
[EventDate "1998.??.??"]
[EventType "swiss"]
[EventRounds "9"]
[EventCountry "HUN"]
[SourceTitle "EXT 2002"]
[Source "ChessBase"]
[SourceDate "2001.11.25"]
[SourceVersion "1"]
[SourceVersionDate "2001.11.25"]
[SourceQuality "1"]

1. e4 e6 2. d4 d5 3. Nc3 Bb4 4. Nge2 dxe4 5. a3 Be7 6. Nxe4 Nd7 7. Qd3 Ngf6 8. Bf4 Nxe4 9. Qxe4 Nf6 10. Qd3 b6 11. 0-0-0 Bb7 12. c4 c5 13. Nc3 cxd4 14. Nb5 0-0 15. Nxd4 Qc8 16. f3 Rd8 17. Qc3 Qc5 18. b4 Qh5 19. Re1 Rac8 20. g4 Qd5 21. Be5 Bd6 22. cxd5 Rxc3+ 23. Kb2 Bxe5 24. Rxe5 Rcc8 25. Nb5 Rxd5 26. Rxd5 Bxd5 27. Be2 Nxg4 28. Nxa7 Rd8 29. h3 Ne5 30. Rd1 Ra8 31. Nb5 Bxf3 32. Bxf3 Nxf3 33. Rd7 Ne5 34. Rb7 g5 35. Kc3 Rc8+ 36. Nc7 h5 37. Kd4 Nc6+ 38. Ke3 Rb8 39. Rxb8+ Nxb8 40. a4 Kf8 41. a5 bxa5 42. bxa5 Nc6 43. a6 Na7 44. Kd4 Ke7 45. Kc5 Kd7 46. Ne8 Kxe8 47. Kb6 g4 48. hxg4 h4 0-1

[Event "Budapest Balatontourist"]
[Site "Budapest"]
[Date "1998.??.??"]
[Round "9"]
[White "Radvanyi, Tibor"]
[Black "Ladanyi, Tibor"]
[Result "0-1"]
[WhiteElo "2120"]
[BlackElo "2215"]
[PlyCount "102"]
[EventDate "1998.??.??"]
[EventType "swiss"]
[EventRounds "9"]
[EventCountry "HUN"]
[SourceTitle "EXT 2004"]
[Source "ChessBase"]
[SourceDate "2003.11.25"]
[SourceVersion "1"]
[SourceVersionDate "2003.11.25"]
[SourceQuality "1"]

1. e4 c5 2. Nf3 Nc6 3. d4 cxd4 4. Nxd4 Nf6 5. Nc3 e5 6. Nf5 d5 7. exd5 Bxf5 8. dxc6 Qxd1+ 9. Nxd1 bxc6 10. Ne3 Bg6 11. Nc4 Nd7 12. c3 Bc5 13. Be3 Bxe3 14. fxe3 0-0-0 15. Be2 f6 16. Bg4 Kc7 17. b4 Bf7 18. Be2 Bxc4 19. Bxc4 Nb6 20. Bb3 Rd3 21. Ke2 Rhd8 22. Rhd1 e4 23. Rxd3 Rxd3 24. Rd1 Rxd1 25. Kxd1 Kd6 26. c4 c5 27. a3 f5 28. Kd2 g5 29. g3 a6 30. Kc3 h6 31. Bc2 Nd7 32. a4 Ne5 33. a5 cxb4+ 34. Kxb4 Nd7 35. g4 fxg4 36. Bxe4 Nc5 37. Bg2 h5 38. e4 Nd3+ 39. Kc3 Ne1 40. Bh1 h4 41. Kd4 g3 42. c5+ Kc6 43. Ke5 g2 44. Bxg2 Nxg2 45. Kf5 Ne1 46. h3 Nf3 47. Kg4 Ng1 48. Kxg5 Nxh3+ 49. Kxh4 Nf2 50. e5 Nd3 51. e6 Nxc5 0-1

[Event "Balatonturist op"]
[Site "Balatonbereny"]
[Date "1997.??.??"]
[Round "3"]
[White "Radvanyi, Tibor"]
[Black "Nogrady, Vilmos"]
[Result "1-0"]
[WhiteElo "2210"]
[BlackElo "2300"]
[PlyCount "123"]
[EventDate "1997.??.??"]
[EventType "swiss"]
[EventRounds "9"]
[EventCountry "HUN"]
[SourceTitle "EXT 2001"]
[Source "ChessBase"]
[SourceDate "2000.11.22"]
[SourceVersion "1"]
[SourceVersionDate "2000.11.22"]
[SourceQuality "1"]

1. e4 c5 2. Nf3 d6 3. d4 cxd4 4. Qxd4 a6 5. c4 Nc6 6. Qd2 Nf6 7. Nc3 Bg4 8. Be2 g6 9. b3 Bg7 10. Bb2 0-0 11. 0-0 Qa5 12. Rfd1 Rad8 13. a3 e6 14. b4 Qc7 15. Rac1 Ne5 16. Nxe5 dxe5 17. Qe3 Bxe2 18. Rxd8 Rxd8 19. Nxe2 Qxc4 20. f3 Qb5 21. Kf2 h5 22. Nc3 Qd3 23. Qxd3 Rxd3 24. Ke2 Rd6 25. Nb1 Nd7 26. Rc8+ Kh7 27. Nd2 b5 28. Rd8 Bf6 29. Ra8 g5 30. Nb3 Kg7 31. Bc1 Be7 32. Be3 Bf6 33. Ra7 Bd8 34. g4 hxg4 35. fxg4 Kg6 36. h3 Nf6 37. Nc5 Bb6 38. Ra8 Bxc5 39. bxc5 Rc6 40. Kd3 Nd7 41. Rg8+ Kh7 42. Rxg5 Nxc5+ 43. Bxc5 Rxc5 44. Rh5+ Kg6 45. h4 f6 46. Rh8 Rc4 47. Re8 Kf7 48. Ra8 Ra4 49. Ra7+ Kg6 50. h5+ Kh6 51. Rf7 Rxa3+ 52. Ke2 Kg5 53. Rg7+ Kf4 54. Rg6 f5 55. exf5 exf5 56. g5 e4 57. h6 Ra2+ 58. Kf1 Kf3 59. Kg1 Kg3 60. Kf1 f4 61. h7 f3 62. h8Q 1-0